Choosing good health

Bibliographic Details
Main Authors: Althaus, Ruth Ann (Author), Corbin, Charles B. (Author), Gray, Gerald E. (Author), Gussin, Gilda (Author), Purdy, Candace O. (Author), Sroka, Stephen R. (Author), Thompson, Kelly G. (Author), Thompson, Merita Lee (Author)
Format: Book
Language:English
Published: Glenview, Illinois : Scott, Foresman 1983
Subjects:

MARC

LEADER 00000cam a2200000 7i4500
001 0000004471
005 20240930.0
008 991216 ilua eng
020 |a 0673110672 (hbk) 
040 |a INS   |b eng   |e rda 
090 0 0 |a RA775.5   |b .C5451 1983 
245 1 0 |a Choosing good health   |c Merita Lee Thompson, Ruth Ann Althaus, Charles B. Corbin, Gerald E. Gray, Gilda Gussin, Candace O. Purdy, Stephen R. Sroka, Kelly G. Thompson 
264 1 |a Glenview, Illinois :   |b Scott, Foresman   |c 1983 
264 4 |c ©1983 
300 |a 352 pages :   |b colour illustrations ;   |c 24 cm. 
336 |a text  |2 rdacontent 
337 |a unmediated  |2 rdamedia 
338 |a volume  |2 rdacarrier 
500 |a Includes index 
650 0 0 |a Health 
650 0 0 |a Health planning 
700 1 |a Althaus, Ruth Ann ,   |e author 
700 1 |a Corbin, Charles B. ,   |e author 
700 1 |a Gray, Gerald E. ,   |e author 
700 1 |a Gussin, Gilda ,   |e author 
700 1 |a Purdy, Candace O. ,   |e author 
700 1 |a Sroka, Stephen R. ,   |e author 
700 1 |a Thompson, Kelly G. ,   |e author 
700 1 |a Thompson, Merita Lee ,   |e author 
999 |a 0000002245   |b BOOK   |c Open Shelf   |e Default branch 
999 |a 0000002320   |b BOOK   |c Open Shelf   |e Default branch